LEADER 01208nam0 2200301 450 001 000026840 005 20091118123409.0 010 $a978-88-3489545-0 100 $a20091118d2009----km-y0itay50------ba 101 0 $aita 102 $aIT 105 $ay-------001yy 200 1 $a<>diritto delle prove$eatti del convegno di Catania, 21-22 novembre 2008$fa cura di A. Cariola, A. Corsaro, G. D'Allura, F. Florio 210 $aTorino$cGiappichelli$dc2009 215 $a301 p.$d24 cm 300 $aIn testa al frontespizio : Università degli studi di Catania, Facolta di giurisprudenza ... [et al.) 500 10$a<>diritto delle prove : atti del convegno di Catania, 21-22 novembre 2008$958606 610 1 $aProve 610 1 $aCongressi$aCatania$a2008 676 $a347.4506$v20$9Diritto processuale civile. Italia Prova 702 1$aCariola,$bAgatino 702 1$aCorsaro,$bAntonino 712 02$aUniversità degli studi Catania$bFacoltà di giurisprudenza 801 0$aIT$bUNIPARTHENOPE$c20091118$gRICA$2UNIMARC 912 $a000026840 951 $a347-D/1$b41920$cNAVA1$d2009 996 $aDiritto delle prove : atti del convegno di Catania, 21-22 novembre 2008$958606 997 $aUNIPARTHENOPE LEADER 00927cam0-2200301---450- 001 990004787630403321 005 20090108110342.0 035 $a000478763 035 $aFED01000478763 035 $a(Aleph)000478763FED01 035 $a000478763 100 $a19990604d1970----km-y0itay50------ba 101 0 $aeng 102 $aGB 105 $a-f--e---000yy 200 1 $a<>dictionary of literature in the english language$efrom Chaucer to 1940$fcompiled and edited by Robin Myers for the national book league 210 $aOxford$cPergamon press$d1970 215 $a2 v., tav.$d26 cm 610 0 $aLetteratura inglese$aDizionari 676 $a820.3 702 1$aMyers,$bRobin 801 0$aIT$bUNINA$c20070214$gRICA$2UNIMARC 901 $aBK 912 $a990004787630403321 952 $a820.3 MYE 1(1-2)$fFLFBC 959 $aFLFBC 996 $aDictionary of literature in the english language$9561311 997 $aUNINA